000 02122nam a22002417a 4500
003 PE SENCICO BE
005 20251020182624.0
008 230110b |||||||| |||| 00| 0 eng d
020 _a978-958-778-423-7
040 _aPE SENCICO BE
_cPE SENCICO BE
041 _aspa
082 _a526.982
_bM42
100 1 _9413
_aMendoza Priesseng, Carlos Leonardo
_eautor
245 1 _aFotogrametría :
_bprácticas de fotogrametría básicas y problemas /
_cCarlos Leonardo Mendoza Priesseng
260 _aBogotá :
_bAlfaomega,
_c2018
300 _axvii, 221 páginas :
_bil., col, tabls.,
_c23 cm.
505 3 _aPráctica 1. Ejercicio de visión estereoscópica -- Práctica 2. Determinación de la base del estereoscopio de espejos -- Práctica 3. Orientación de aerofotografías bajo el estereoscopio de espejos -- Práctica 4. Ejercicio de fotointerpretación -- Práctica 5. Uso de la barra de paralaje -- Práctica 6. Determinación de la escala de una aerofotografía -- Práctica 7. Medición de áreas sobre aerofotografías -- Práctica 8. Determinación del error debido al relieve usando la barra de paralaje -- Práctica 9. Determinación de diferencias de altura entre dos puntos usando la barra de paralaje -- Práctica 10. Elaboración de un estereograma y un mosaico usando aerofotografías -- Práctica 11. Construcción de un perfil a lo largo de una línea dibujada en una aerofotografía -- Práctica 12. Medición de una malla de puntos para la construcción de un modelo digital de terreno usando la barra de paralaje -- Práctica 13. Mediciones en una aerofotografía digital utilizando un sistema de información geográfica (SIG) -- Práctica 14. Despliegue y manipulación de imágenes digitales -- Práctica 15. Determinación de la diferencia de altura de un edificio o torre en imágenes digitales mediante la fórmula del error debido al relieve y el uso de software.
650 1 4 _9120
_aFotogrametría
650 2 4 _9414
_aFotogrametría aérea
650 2 0 _9125
_aSistemas de Información Geográfica (SIG)
910 _bhfp
_chfp
942 _2ddc
_cLIB
_h526.982
_iM42
999 _c3758
_d3758